| 000 | 00961cam a2200289 4500 | ||
|---|---|---|---|
| 008 | 000000n2000 000 0 eng u | ||
| 020 | _a0854068392 | ||
| 035 | _a(Sirsi) u105239 | ||
| 041 | _aeng | ||
| 050 |
_a333.73 _c18 |
||
| 110 |
_aRoyal Institution of Chartered Surveyors _94900 |
||
| 245 |
_aContamination and its implications for chartered surveyors _ba guidance note |
||
| 260 |
_aLondon _bRICS _c2000 |
||
| 300 |
_a1v. (looseleaf) _c30cm. |
||
| 350 | _a32 | ||
| 490 | _aRICS Guidance Note | ||
| 520 | _aReprint with amdendments. Includes a glossary of environmental terms and a property observation checklist. | ||
| 520 | _aSuperseded by 2nd edition (ISBN 1842191306) | ||
| 650 | _aABOUT RICS-RICS MEMBERS | ||
| 650 | _aCONTAMINATED LAND | ||
| 650 |
_aContamination _96231 |
||
| 650 |
_aEnvironment _96238 |
||
| 650 | _aLAND QUALITY STATEMENTS | ||
| 650 | _aPOLLUTION | ||
| 690 | _aENVIRONMENTAL AND LAND CONSULTANCY | ||
| 942 | _n0 | ||
| 999 |
_c100335 _d100335 |
||